zpět

Detail výsledku týmu

U Opata, Pardubice

Datum a čas kvízu

42 Celkem bodů Celkový počet nahraných bodů na tomto kvízu bez doplňovacích otázek.
1. Pořadí na kvízu Konečné umístění týmu na tomto kvízu.

Zaznamenané odpovědi

# Otázka Odpověď Body Výsledky
1. Už Vám někdy hořela koudel u z... Šumperk 0
2. Fastfoodový řetězec Burger Kin... je bez pravého masa 0
3. Během návštěvy komunitního stř... Fortnite 1
4. Švédský nábytkářský řetězec IK... začne nabízet pronájem nábytku 1
5. Apríl, nebo nechtěný omyl? Fot... Místo Slavie zval na souboj se Spartou. 1
6. V tomto tématu ověříme vaše zn... pouze jelení zvěř 1
7. Vyberte jedno psí plemeno, kte... A 1
8. Která zvířata je možno spatřit... bílí jeleni 0
9. Kolikaterák je tento jelen? desaterák (nerovný) 1
10. Co v myslivecké mluvě znamená... kančí kly 1